Statistics for NFL Offensive Starters 2012

Click here to take the quiz!

General Stats

  • This quiz has been taken 7,243 times
  • The average score is 71 of 128

Answer Stats

HintHintAnswer% Correct
BroncosQBPeyton Manning
95%
49ersQBAlex Smith
94%
GiantsQBEli Manning
94%
PatriotsQBTom Brady
91%
PanthersWRSteve Smith
90%
RavensWRTorrey Smith
90%
LionsRBKevin Smith
89%
BearsQBJay Cutler
88%
CowboysQBTony Romo
88%
PackersQBAaron Rodgers
87%
ColtsQBAndrew Luck
86%
SaintsQBDrew Brees
86%
TexansWRAndre Johnson
85%
LionsWRCalvin Johnson
85%
TitansRBChris Johnson
85%
FalconsQBMatt Ryan
85%
RavensQBJoe Flacco
84%
ChargersQBPhilip Rivers
84%
BillsWRSteve Johnson
84%
PanthersQBCam Newton
83%
EaglesQBMichael Vick
83%
49ersRBFrank Gore
82%
RedskinsQBRobert Griffin III
82%
BengalsQBAndy Dalton
81%
SteelersQBBen Roethlisberger
81%
LionsQBMatthew Stafford
81%
EaglesWRDeSean Jackson
79%
BillsRBFred Jackson
79%
RamsRBSteven Jackson
79%
BuccaneersWRVincent Jackson
79%
FalconsWRJulio Jones
78%
JetsQBMark Sanchez
78%
BengalsWRA.J. Green
77%
BillsWRDonald Jones
77%
SeahawksQBRussell Wilson
76%
VikingsRBAdrian Peterson
75%
RaidersQBCarson Palmer
75%
JetsRBShonn Greene
75%
PackersRBAlex Green
74%
BearsRBMatt Forte
73%
TexansQBMatt Schaub
73%
RamsQBSam Bradford
73%
RavensRBRay Rice
71%
BillsQBRyan Fitzpatrick
71%
SeahawksWRSidney Rice
70%
EaglesRBLeSean McCoy
69%
BearsWRBrandon Marshall
68%
DolphinsQBRyan Tannehill
67%
BuccaneersQBJosh Freeman
66%
CardinalsWRLarry Fitzgerald
66%
49ersWRRandy Moss
66%
49ersWRMichael Crabtree
65%
TexansRBArian Foster
63%
BroncosWRDemaryius Thomas
63%
CowboysWRDez Bryant
63%
PatriotsWRWes Welker
63%
PanthersRBDeAngelo Williams
62%
SeahawksRBMarshawn Lynch
62%
BuccaneersWRMike Williams
62%
SaintsRBPierre Thomas
62%
SteelersWRAntonio Brown
60%
VikingsQBChristian Ponder
60%
ColtsRBDonald Brown
60%
FalconsWRRoddy White
60%
ChiefsQBMatt Cassel
59%
GiantsWRVictor Cruz
59%
ChiefsRBJamal Charles
56%
RavensWRAnquan Boldin
55%
CowboysRBDeMarco Murray
54%
TitansQBJake Locker
54%
DolphinsRBReggie Bush
54%
ColtsWRReggie Wayne
54%
JaguarsQBBlaine Gabbert
53%
GiantsRBAhmad Bradshaw
52%
PackersWRGreg Jennings
52%
FalconsRBMichael Turner
52%
BrownsQBBrandon Weeden
51%
JaguarsRBRashad Jennings
51%
PackersWRJordy Nelson
49%
CowboysWRMiles Austin
48%
BrownsRBTrent Richardson
48%
BengalsRBBenJarvus Green-Ellis
47%
RaidersRBDarren McFadden
47%
DolphinsWRRishard Matthews
46%
ChargersRBRyan Mathews
46%
BuccaneersRBDoug Martin
45%
ChiefsWRDwayne Bowe
45%
SaintsWRMarques Colston
45%
BroncosWREric Decker
44%
SteelersWRMike Wallace
44%
CardinalsQBJosh Skelton
43%
RedskinsWRPierre Garcon
42%
RedskinsRBAlfred Morris
41%
GiantsWRHakeem Nicks
41%
EaglesWRJeremy Maclin
41%
VikingsWRPercy Harvin
39%
JetsWRSantonio Holmes
39%
PatriotsRBStevan Ridley
36%
BroncosRBWillis McGahee
35%
JetsWRStephen Hill
34%
CardinalsRBBeanie Wells
33%
BengalsWRBrandon Tate
31%
SeahawksWRGolden Tate
31%
BearsWRDevin Hester
30%
ChargersWRMalcom Floyd
29%
PatriotsWRBrandon Lloyd
27%
JaguarsWRJustin Blackmon
27%
RaidersWRDenarius Moore
26%
RamsWRDanny Amendola
25%
RaidersWRDarrius Heyward-Bey
24%
TitansWRNate Washington
21%
ChiefsWRJon Baldwin
19%
LionsWRNate Burleson
19%
PanthersWRBrandon LaFell
16%
SaintsWRDevery Henderson
16%
BrownsWRGreg Little
15%
ColtsWRAustin Collie
14%
DolphinsWRDavone Bess
14%
JaguarsWRLaurent Robinson
14%
SteelersRBJonathan Dwyer
13%
ChargersWRRobert Meachem
13%
TitansWRKendall Wright
12%
TexansWRKevin Walter
12%
CardinalsWRAndre Roberts
11%
BrownsWRMohamed Massaquoi
11%
RedskinsWRJosh Morgan
8%
RamsWRBrandon Gibson
7%
VikingsWRMichael Jenkins
6%

Score Distribution

Percentile by Number Answered

Percent of People with Each Score

Your Score History

You have not taken this quiz